000 01368nam0a22003011 4500
001 rc\3544104
005 20250610034316.0
021 _aRU
_b[69-53738ж]
035 _a(NLR Aleph) 007671594
090 _a6440200
_c6440200
100 _a20130115d1969 |||y0rusy50 ca
101 0 _arus
102 _aRU
105 _aab z |||||
200 1 _aВопросы расчетов и прогнозов стока
_e[Сборник статей
_fОтв. ред. проф. д-р техн. наук Д.Л. Соколовский]
210 _aЛенинград
_cБ. и.
_d1969
215 _a145 с., 1 л. карт.
_cчерт., карт.
_d26
225 1 _aМинистерство высшего и среднего специального образования РСФСР. Ленинградский гидрометеорологический институт. Труды
_vВып. 35
320 _aБиблиогр. в конце статей
606 _aГидрологические прогнозы
_jСборники
_2psbo
606 _aСток
_xРасчет
_jСборники
_2psbo
702 1 _4340
_7ca
_8rus
_aСоколовский
_bД. Л.
_f1896-1986
_gДаниил Львович
_9268826
_3RU\NLR\AUTH\770268882
801 0 _aRU
_bNLR
_gpsbo
801 1 _aRU
_bELAR
_2rusmarc
852 _aNLR
_jП7/461
942 _cBOOK
980 _aNB